000 00558nam a22001817a 4500
003 CEME
005 20210628202743.0
008 210122b xxu||||| |||| 00| 0 eng d
020 _a0-7506-5924-6
040 _cceme
082 _a620.11223 ZAK
100 _aZaki Ahmad
_961436
245 _aPrinciples of corrosion engineering and corrosion control
260 _aNEW YORK
_bELSEVIER
_c2006
300 _aXV,656 P
650 _aCORROSION AND ANTI CORROSION.CORROSION CONTROL .CATHODIC PROTECTION.COATINGS.CORROSION ENGINEERING
_961437
942 _cBK
_2ddc
999 _c570889
_d570889